লোডিং...

A short history of English literature,

গ্রন্থ-পঞ্জীর বিবরন
প্রধান লেখক: Legouis, Emile
অন্যান্য লেখক: Boyson, V. F., Coulson, Jessie
বিন্যাস: Printed Book
প্রকাশিত: Oxford, The Clarendon Press, 1934.
বিষয়গুলি:
LEADER 00682cam a22001691 4500
999 |c 26706  |d 26706 
082 |a 820.9  |b LEG-A 
100 1 |a Legouis, Emile, 
245 1 2 |a A short history of English literature, 
260 |a Oxford,  |b The Clarendon Press,  |c 1934. 
300 |a xvi, 404 p.  |b XL pl. (incl. front., ports., facsims.) 
500 |a "The present volume is a stepping-stone to the larger History of English literature written by Professor Cazamian and myself."--Pref. 
650 0 |a English literature 
700 1 |a Boyson, V. F., 
700 1 |a Coulson, Jessie, 
942 |c BK 
952 |0 0  |1 0  |4 0  |6 820_900000000000000_LEGA  |7 0  |9 33998  |a KU  |b KU  |d 2015-07-05  |l 0  |o 820.9 LEG-A  |p EN08027  |r 2015-07-05  |y BK